<A> Note on the Comparison of two Sums of Exponentially Distributed Ransdom Variables

Gespeichert in:
Bibliographische Detailangaben
1. Verfasser: Lehtonen, Tapani
Format: Buch
Sprache:Englisch
Veröffentlicht: Helsinki Helsingin kauppakorkeakoulun julkaisuja 1987
Ausgabe:1. ed.
Tags: Tag hinzufügen
Keine Tags, Fügen Sie das erste Tag hinzu!

MARC

LEADER 00000nam a2200000 4500
001 c036605
005 20221219120312.1
041 0 |a eng 
044 |a FI 
245 1 0 |a <A> Note on the Comparison of two Sums of Exponentially Distributed Ransdom Variables  |c Tapani Lehtonen 
250 |a 1. ed. 
264 1 |a Helsinki  |b Helsingin kauppakorkeakoulun julkaisuja  |c 1987 
300 |a 12 s. 
100 1 |a Lehtonen, Tapani